000 00400pab a2200145 454500
008 180718b2000 xxu||||| |||| 00| 0 eng d
100 _aGomez-Lobo, Andres
245 _aWater subsidy policies: a comparison of the Chilean and Colombian schemes
260 _c2000
300 _ap.391-407.
650 _aWater
700 _aContreras, Dante
773 _aWorld Bank Economic Review
909 _a60064
999 _c60064
_d60064